Stimulating Economic Recovery through EA Growth Poles: Call for more Directed Unconventional Monetary Policy Measures?
Saved in:
| Main Author: | |
|---|---|
| Other Authors: | |
| Format: | Book Chapter |
| Language: | English |
| Subjects: | |
| Tags: |
No Tags, Be the first to tag this record!
|
MARC
| LEADER | 00000naa$a2200000$$$4500 | ||
|---|---|---|---|
| 001 | 0234259 | ||
| 005 | 20240502083624.5 | ||
| 041 | 0 | |a eng | |
| 044 | |a PL | ||
| 245 | 1 | 0 | |a Stimulating Economic Recovery through EA Growth Poles: Call for more Directed Unconventional Monetary Policy Measures? |c Jana Kotlebová, Mária Širaňová |
| 500 | |a Abstrakt | ||
| 610 | 2 | 0 | |a politika menová |
| 610 | 2 | 0 | |a rast hospodársky |
| 610 | 2 | 0 | |a banky |
| 610 | 2 | 0 | |a únie menové |
| 610 | 2 | 0 | |a ekonomika verejná |
| 100 | 1 | |a Kotlebová, Jana, 1969- | |
| 700 | 1 | |a Širaňová, Mária | |